St. Dominics family: (Record no. 123751)
[ view plain ]
| 000 -LEADER | |
|---|---|
| fixed length control field | 00480nam a22001457a 4500 |
| 008 - FIXED-LENGTH DATA ELEMENTS--GENERAL INFORMATION | |
| fixed length control field | 151104b xxu||||| |||| 00| 0 eng d |
| 050 ## - LIBRARY OF CONGRESS CALL NUMBER | |
| Classification number | BX3555.D62 |
| 100 ## - MAIN ENTRY--PERSONAL NAME | |
| Personal name | Dorcy, Mary Jean (ed.) |
| 9 (RLIN) | 21031 |
| 245 ## - TITLE STATEMENT | |
| Title | St. Dominics family: |
| Remainder of title | the lives of over 300 famous Dominicans |
| Statement of responsibility, etc | /by Mary Jean Dorcy |
| 260 ## - PUBLICATION, DISTRIBUTION, ETC. (IMPRINT) | |
| Place of publication, distribution, etc | Illinois |
| Name of publisher, distributor, etc | Tan books |
| Date of publication, distribution, etc | 1983 |
| 300 ## - PHYSICAL DESCRIPTION | |
| Extent | xi,631p. |
| Dimensions | 23cm. |
| 500 ## - GENERAL NOTE | |
| General note | Published originally in 1965 |
| 650 ## - SUBJECT ADDED ENTRY--TOPICAL TERM | |
| Topical term or geographic name as entry element | Dominicans |
| General subdivision | Biography |
| 9 (RLIN) | 20974 |
| 942 ## - ADDED ENTRY ELEMENTS (KOHA) | |
| Source of classification or shelving scheme | Library of Congress Classification |
| Item type | Monograph ( Printed materials) |
| Withdrawn status | Lost status | Source of classification or shelving scheme | Damaged status | Not for loan | Collection code | Home library | Current library | Shelving location | Date acquired | Total Checkouts | Full call number | Barcode | Date last seen | Date last borrowed | Price effective from | Koha item type |
|---|---|---|---|---|---|---|---|---|---|---|---|---|---|---|---|---|
| Library of Congress Classification | Main Collection | ARRUPE LIBRARY | ARRUPE LIBRARY | Main Collection | 04/11/2015 | 2 | BX3555.D62 | 80005002648 | 03/11/2022 | 24/10/2022 | 04/11/2015 | Monograph ( Printed materials) |